000 00596nam a2200193Ia 4500
003 IN-BaIIA
008 211028s9999 xx 000 0 eng d
040 _cIIA Library
080 _a521.13
_bJEA
100 _aJeans, J. H.
_91238
245 0 _aProblems of cosmology and stellar dynamics
_cJ. H. Jeans
260 _aCambridge
_bCambridge University Press
_c1919
300 _avii, 293p.
500 _aDonated by Mrs. Bappu
650 _aAstronomy and Astrophysics Thesaurus
650 _aCosmology
650 _aStellar Dynamics
942 _cBK
999 _c7554
_d7554